00767nam a22002177a 450000500170000001000150001702000270003203500130005903700130007208200080008510000270009324500470012026000330016727001050020030000300030550000400033570000100037594200220038599900170040795201250042420100813150344.0 aENG-100189 a9788188209262c1000.00 aEN-83721 aDBAD/PUB a721 aBeri, Pramod R.912976 aFrom follows feelings /cby Pramod R. Beri aPunebAnjali Prakashanc2009 a'D' Wing, Shop 10, Snehal Apartment, Next to Sanas School, Sinhagad Road, Dhayri PhatabPunee411041 a321 p. :c20cm (Hb)bill  aIncludes bibliographical references 912834 2ddccENh721mBER c41756d41756 001040718NFICaDBADbDBADd2010-08-13g1000.00l0o721 BERpEN-83721r2010-08-13 00:00:00t1v1000.00w2010-08-13yEN